| 000 | 00860nam a2200265 a 4500 | ||
|---|---|---|---|
| 001 | 47050 | ||
| 003 | BD-RjUL | ||
| 005 | 20211209054242.0 | ||
| 008 | 160806s1975 maua b 000 0 eng | ||
| 020 | _a0669972460 | ||
| 035 | _a(BD-RjUL)47169 | ||
| 040 |
_aDLC _cDLC _dDLC _dBD-RjUL _beng |
||
| 041 | _aeng | ||
| 082 | 0 | 0 |
_a380.50973 _bLYP 1975 |
| 100 | 1 |
_aLynch, Thomas Dexter, _d1942- _9143294 |
|
| 245 | 1 | 0 |
_aPolicy analysis in public policymaking / _cThomas D. Lynch. |
| 260 |
_aLexington, Mass. : _bLexington Books, _c1975 |
||
| 300 |
_ax, 130 p. : _bill. ; _c24 cm. |
||
| 504 | _aBibliography: p. 121-130. | ||
| 650 | 0 |
_aTransportation and state _zUnited States. _9143295 |
|
| 650 | 0 |
_aProgram budgeting _zUnited States. _9143296 |
|
| 650 | 0 |
_aPublic administration _xDecision making _xCase studies. _9143297 |
|
| 942 |
_2ddc _cBK |
||
| 999 |
_c47050 _d47050 |
||